Foreign enterprise in Japan : Laws and policies

Đã lưu trong:
Bibliografiske detaljer
Hovedforfatter: Henderson, Dan Fenno
Format: Bog
Sprog:Undetermined
Udgivet: Chapel Hill University of North Carolina Press 1973
Fag:
Tags: Tilføj Tag
Ingen Tags, Vær først til at tagge denne postø!
Thư viện lưu trữ: Trung tâm Học liệu Trường Đại học Cần Thơ
LEADER 00549nam a2200193Ia 4500
001 CTU_78949
008 210402s9999 xx 000 0 und d
082 |a 346.52 
082 |b H496 
100 |a Henderson, Dan Fenno 
245 0 |a Foreign enterprise in Japan : 
245 0 |b Laws and policies 
245 0 |c Dan Fenno Henderson 
260 |a Chapel Hill 
260 |b University of North Carolina Press 
260 |c 1973 
650 |a Business enterprises, foreign 
650 |z Japan 
980 |a Trung tâm Học liệu Trường Đại học Cần Thơ